Регионална библиотека "Любен Каравелов" - Русе

Герои и героическое в истории (Запис номер 430961)

MARC детайли
000 -Лидер
Контролно поле с фиксирана дължина nam a22 a 4500
003 - Код на организацията, давaща контролен номер
Контролно поле BLK
005 - Дата и час на последна редакция
Контролно поле 20210902134604.0
008 - Елементи от данни с фиксирана дължина
fixed length control field 180409b bul|||||r ||||||| ||bul||
040 ## - Източник на каталожния запис
Идентификатор на билиотеката - собственик на записа BLK
041 ## - Код за език
Код за езика на текст/звукозапис или на отделно заглавие Руски
Код за езика КДБФ Руски
080 ## - УДК
Текстов определител УДК Средновековна и нова обща история
УДК код - определител по УДК 94
УДК - код + определител 94
100 ## - Редна дума - Автор
R(LIN) 445744
Автор Карлейль, Томас
Авторска отговорност първи автор
139 ## - Редно поле
Редна дума Карлейль, Томас
245 10 - Сведения за заглавието
Заглавие Герои и героическое в истории
Подзаглавни данни Публ. беседы Томаса Карлейля
Редно поле (дума) Томаса Карлейля; пер. с англ. В. И. Яковенко
250 ## - Област на изданието
Сведения за изданието 2. изд.
260 ## - Област на издателските данни
Име на издателя, разпространителя и проч. Ф. Павленков
Година на издаване 1898
9 (RLIN) 435310
Място на издаване, разпространение и проч. Санкт-Петербург
300 ## - Физическа характеристика
Страници [4], 340 с., 1 л. фронт. (портр.)
Размери/Мащаб 19 см
380 ## - Жанр
Жанр История
490 ## - СЕРИИ (Колекции)
9 (RLIN) 435080
Име на серия Колекция Редки и ценни издания
650 #0 - Допълнително описание по предмет – тема
Основно описание – тема или топоним Исторически науки
9 (RLIN) 296317
700 ## - Други автори (авторска отговорност)
9 (RLIN) 324494
Лично име Яковенко, Валентин Иванович
Автороска отговорност (Описва отношението между автора и произведението) първи автор
852 ## - Местоположение
Форматна сигнатура Рр 898
Фондова буква Редки и ценни
999 ## - СИСТЕМНИ КОНТРОЛНИ НОМЕРА
Koha biblionumber 430961
Koha biblioitemnumber 430961
942 ## - АРТИКУЛИ
Вид на библиотечния материал Книги
Скрит в OPAC Не
Периодичен библиозапис Да
944 ## - СЪЗДАВАНЕ И РЕДАКЦИЯ на ЗАПИСА
Създаване/Редакция Създаване
Дата на регистрацията/редакция 2021-09-02
Служител, извършил регистрацията/редакцията нр
Наличности
Код за отписване Код за изгубен артикул Източник на класификационната схема Код за повреда Коз за рестрикции Код за отдаване Артикулен № Име на библиотеката - собственик Име на библиотеката, в която се намира в момента Статус (Текущо местоположение) Дата на вписване в системата Местоположение - отдел Цена в лева Инвентарен номер Систематично азбучна сигнатура Баркод Цена в евро Служебен тип на артикула
  Не е изгубен Universal Decimal Classification Не е повреден само за читалня Специални фондове ( старопечатни, редки и ценни, фонд М. Арнаудов) 855156 Регионална библиотека "Любен Каравелов" Русе Регионална библиотека "Любен Каравелов" Русе Редки и ценни 2021-09-24 Редки и ценни 0.27 7853 Рр 898 900000077368 0.14 Книги
Vip Innovations Ltd, Rousse, Bulgaria 2025